• 首页
  • 本馆介绍
  • 公告通知
  • 最新文献
  • 馆藏检索
  • 电子资源
  • 读者导购
  • 参考咨询
  • 我的图书馆
  • 登录
  • 详细信息显示
  • 放入我的书架
  • 预约/预借图书
  • 作者相关作品
  • 分类相关作品
  • 丛书相关作品
  • 出版社相关作品

书目信息

  • 表格格式
  • 工作单格式
  • 卡片格式
题名:
后普京时代
    
 
作者: 杰里亚金 著 ;金禹辰 , 项红 译
分册:  
出版信息: 北京   社会科学文献出版社  2006
页数: 15,402页
开本: 22cm
丛书名: 国际政治论坛
单 册:
中图分类: D751.221
科图分类:
主题词: 政治体制改革--研究--俄罗斯 , 政治体制改革
电子资源:
ISBN: 7-80230-143-2
000 01171oam2 2200301 450
001 1262049609
005 20121004171453.25
010    @a7-80230-143-2@dCNY28.00
100    @a20060104d2006 em y0chiy50 ea
101 1  @achi@crus
102    @aCN@b110000
105    @ay z 000yy
200 1  @a后普京时代@Ahou pu jing shi dai@e俄罗斯能避免橙绿色革命吗?@f(俄)米哈伊尔·杰里亚金(Михаил Делягин)著@g金禹辰,项红译
210    @a北京@c社会科学文献出版社@d2006
215    @a15,402页@d22cm
225 2  @a国际政治论坛
305    @a本书由莫斯科维切出版社授权出版 根据2005年俄文版译出
330    @a本书分为三大部分,作者在第一部分谈到了俄罗斯的改革,随后在第二和第三部分为俄罗斯的发展提出了自己的构想。
461  0 @12001 @a国际政治论坛
517 1  @a俄罗斯能避免橙绿色革命吗?@Ae luo si neng bi mian cheng lv se ge ming ma ?
606 0  @a政治体制改革@x研究@y俄罗斯
606 0  @a政治体制改革
690    @aD751.221@v4
701  0 @c(俄)@a杰里亚金@Ajie li ya jin@c(Делягин, Михаил@f1968~)@4著
702  0 @a金禹辰@Ajin yu chen@4译
702  0 @a项红@Axiang hong@c(俄语)@4译
801  0 @aCN@bNLC@c20101222
905    @a10447@dD751.221@eJY21
    
    后普京时代:俄罗斯能避免橙绿色革命吗?/(俄)米哈伊尔·杰里亚金(Михаил Делягин)著/金禹辰,项红译.-北京:社会科学文献出版社,2006
    15,402页;22cm.-(国际政治论坛)
    
    
    ISBN 7-80230-143-2:CNY28.00
    本书分为三大部分,作者在第一部分谈到了俄罗斯的改革,随后在第二和第三部分为俄罗斯的发展提出了自己的构想。
●
相关链接 在E读中查询图书 在五车中查询图书 在当当中查询图书 在豆瓣中查询图书


正题名:后普京时代     索取号:D751.221/JY21         预约/预借

序号 登录号 条形码 馆藏地/架位号 状态 备注
1 7812436   278124361   学院路分馆/ [索取号:D751.221/JY21] 在馆    
2 7812437   278124370   学院路分馆/ [索取号:D751.221/JY21] 在馆    
唐山师范学院图书馆 欢迎您!
大连网信软件有限公司© 版权所有